000 00472nam a2200181Ia 4500
008 240925s9999 xx 000 0 und d
020 _a471633631
082 _a515.15 BOY
100 _aBoyce, William E; Diprima, Richard C.
245 0 _aCalculus
250 _aNA
260 _aNew York:
_bJohn Wiley & Sons
_c,1988.
300 _axv,445p.
_bNA
_fOriginal
500 _aIncludes Index
600 _aHumanities & Natural Science
650 _aMathematics
942 _cBK
999 _c3012
_d3012